| 000 | 00000nam##2200000za#4500 |
| 001 | 9.662184 |
| 003 | CaOODSP |
| 005 | 20240710082140 |
| 007 | ta |
| 008 | 150407|2000||||xxc||||| f|0| 0 fre|d |
| 020 | |a0-662-64891-9 |
| 040 | |aCaOODSP|bfre |
| 041 | |aeng |
| 041 | |afre |
| 043 | |an-cn--- |
| 086 | 1 |aMR21-20/2000 |
| 110 | 2 |aInstituts de recherche en santé du Canada. |
| 245 | 10|aAu-delà de l'organisme subventionnaire : |ble Conseil de recherches médicales dans les années 90 / |cpar Michael Bliss. |
| 260 | |aOttawa - Ontario : |bInstituts de recherche en santé du Canada |c2000. |
| 300 | |aTexte français, 28p. : |bill. ; |c15 cm. |
| 500 | |aN.B.: Cette publication a déjà été signalée dans la Liste hebdomadaire 2000 n° 17 (le 4 avril 2000). |
| 546 | |aBilingue |
| 563 | |aCouverture souple |
| 590 | |a00-36|b2000-09-08 |
| 691 | 07|aCommémoration|2gcpds |
| 691 | 07|aFutur|2gcpds |
| 691 | 07|aRecherche médicale|2gcpds |
| 720 | 1 |aBliss, Michael |
| 776 | 0#|tAu-delà de l'organisme subventionnaire : |w(CaOODSP)9.640502 |
| 776 | 0#|tBeyond the granting agency : |w(CaOODSP)9.696386 |
| 791 | |tBeyond the granting agency : |eeng|w(CaOODSP)9.662183 |